Online
Catalog

Del paro al Ocio. / (Record no. 43304)

MARC details
000 -CABECERA
campo de control de longitud fija 00540nam a2200193 a 4500
001 - NÚMERO DE CONTROL
campo de control 000043815
005 - FECHA Y HORA DE LA ÚLTIMA TRANSACCIÓN
campo de control 20201002045001.0
008 - DATOS DE LONGITUD FIJA--INFORMACIÓN GENERAL
campo de control de longitud fija 140506s1983 sp 000 0 spa d
020 ## - NÚMERO INTERNACIONAL ESTÁNDAR DEL LIBRO
Número Internacional Estándar del Libro 8433900692
040 ## - FUENTE DE LA CATALOGACIÓN
Centro catalogador/agencia de origen DO-SdBNP
Lengua de catalogación spa
Centro/agencia transcriptor BNPHU
100 1# - ENTRADA PRINCIPAL--NOMBRE DE PERSONA
Nombre de persona Racionero, Luis
9 (RLIN) 71661
245 10 - MENCIÓN DE TÍTULO
Título Del paro al Ocio. /
Mención de responsabilidad, etc. Luis Racionero.
260 ## - PUBLICACIÓN, DISTRIBUCIÓN, ETC.
Lugar de publicación, distribución, etc. Barcelona, :
Nombre del editor, distribuidor, etc. Anagrama,
Fecha de publicación, distribución, etc. 1983.
300 ## - DESCRIPCIÓN FÍSICA
Extensión 149 p. ;
Dimensiones 20 cm.
490 1# - MENCIÓN DE SERIE
Mención de serie Argumentos
Designación de volumen o secuencia 69
504 ## - NOTA DE BIBLIOGRAFÍA, ETC.
Nota de bibliografía, etc. Bibliografía p: 138
586 ## - NOTA DE PREMIOS
Nota de premios Anagrama de ensayo
Enlace entre campo y número de secuencia 11
830 #0 - PUNTO DE ACCESO ADICIONAL DE SERIE-TÍTULO UNIFORME
Título uniforme Argumentos
Número de parte o sección de la obra 69
9 (RLIN) 71662
Holdings
Estado de retiro Estado de pérdida Restricciones de uso No para préstamo Código de colección Localización permanente Ubicación/localización actual Ubicación en estantería Fecha de adquisición Número de inventario Total de préstamos Signatura topográfica completa Código de barras Fecha visto por última vez Precio válido a partir de Tipo de ítem Koha
      Excluido de préstamo Monografías: Libros y Folletos General General En catalogación 06.05.2014 LF1   43815-10 25.06.2020 25.06.2020 No se presta

Powered by Koha